Using technology in the classroom

Spremljeno u:
Bibliografski detalji
Glavni autor: Bitter, Gary G.
Format: Knjiga
Jezik:Undetermined
Izdano: Boston Pearson 2006
Teme:
Oznake: Dodaj oznaku
Bez oznaka, Budi prvi tko označuje ovaj zapis!
Thư viện lưu trữ: Trung tâm Học liệu Trường Đại học Cần Thơ
LEADER 00558nam a2200193Ia 4500
001 CTU_117863
008 210402s9999 xx 000 0 und d
020 |c 39.65 
082 |a 371.33 
082 |b B624 
100 |a Bitter, Gary G. 
245 0 |a Using technology in the classroom 
245 0 |c Gary G. Bitter, Jane M. Legacy 
260 |a Boston 
260 |b Pearson 
260 |c 2006 
650 |a computer-assisted instruction,microcomputers,educational technology 
904 |i Tuyến 
980 |a Trung tâm Học liệu Trường Đại học Cần Thơ